Más democracia, más derechos /

El afiche y el cuadernillo que presentamos aquí son una invitación a pensar la democracia en Argentina resaltando cómo la experiencia transformó la escena escolar, pero también cuánto hizo la escuela para que este proyecto de democratización social no fuera solamente una utopía. Porque desde hace añ...

Descripción completa

Guardado en:
Autor Corporativo: Argentina. Ministerio de Educación de la Nación.
Formato: Libro
Idioma:Undetermined
Publicado: Buenos Aires : Ministerio de Educación de la Nación, 2023.
Edición:2a ed.
Materias:
ESI
Etiquetas: Agregar Etiqueta
Sin Etiquetas, Sea el primero en etiquetar este registro!
LEADER 01928nam a22003255a 4500
001 CEM.cems020532
008 231009s2023####ag############000#0#und#d
005 20231009103735.0
245 1 0 |a Más democracia, más derechos /  |c Ministerio de Educación de la Nación. 
250 |a 2a ed. 
260 |a Buenos Aires :  |b Ministerio de Educación de la Nación,  |c 2023. 
300 |a 62 p. 
500 |a Dirección de Derechos Humanos, Género y Esi en la escuela Nivel Primario. 
500 |a Obra bajo licencia de derechos Creative Commons. 
505 0 |a Convivencia -- Memoria y Derechos Humanos -- Educación Sexual Integral -- Cuidados -- Ambiente 
520 |a El afiche y el cuadernillo que presentamos aquí son una invitación a pensar la democracia en Argentina resaltando cómo la experiencia transformó la escena escolar, pero también cuánto hizo la escuela para que este proyecto de democratización social no fuera solamente una utopía. Porque desde hace años son nuestras escuelas, con sus directivos, docentes y estudiantes, los espacios donde las nuevas generaciones aprenden formas de convivencia democrática, donde se despliega una pedagogía del cuidado, donde se educa desde los principios de Memoria, Verdad y Justicia, donde se alza el reclamo por la soberanía argentina en las Islas Malvinas, Georgias y Sándwich del Sur, donde con la educación sexual integral se cuestionan muchas desigualdades sociales 
020 |a 9789500017046 
110 2 |a Argentina. Ministerio de Educación de la Nación. 
653 |a Educación 
653 |a Educación Sexual Integral 
653 |a Derechos Humanos 
653 |a ESI 
653 |a Educación Primaria 
653 |a Educación Primaria 
653 |a Identidad de Género 
653 |a Memoria 
653 |a Cuidados 
653 |a Ambiente 
653 |a Formación Docente 
859 |a CEMS  |b BIB. CEMS - Inicial y Primaria  |h 371.76  |i Ar37-1  |k IP  |p 6719  |t Ej.1